LEADER 02454nam 2200349 450 001 9910725996203321 005 20230624214220.0 035 $a(CKB)5470000002601698 035 $a(NjHacI)995470000002601698 035 $a(EXLCZ)995470000002601698 100 $a20230624d2019 uy 0 101 0 $afre 135 $aur||||||||||| 181 $ctxt$2rdacontent 182 $cc$2rdamedia 183 $acr$2rdacarrier 200 10$aVulne?rables ou dangereux? $eune anthropologie du souci des adolescents difficiles = Vulnerable or dangerous? : an anthropology of care for difficult adolescents /$fYannis Gansel, Richard Rechtman 210 1$aLyon :$cENS E?ditions,$d[2019] 210 4$d©2019 215 $a1 online resource 330 $aAu cours des anne?es 2000, une se?rie de transformations institutionnelles traversent le champ de l'adolescence : reconnaissance de la notion de handicap psychique, accumulation de re?formes dans le cadre de la justice des mineurs, de?veloppement de dispositifs d'e?coute de la souffrance. C'est dans ce contexte social que se proble?matise la cate?gorie d'" adolescents difficiles ". Il s'agit d'une population de jeunes qui, ne rentrant pas de fac?on suffisamment satisfaisante dans les cases des savoirs et des pratiques du me?dicosocial, de la protection de l'enfance, de la justice ou du sanitaire, " se font rejeter de partout ". Cette population interstitielle devient alors l'objet spe?cifique d'un souci collectif, de savoirs cliniques et d'actions publiques. Dans quelles conditions historiques et sociales l'expertise clinique a-t-elle identifie? ce proble?me? Comment les acteurs de terrain e?prouvent ce souci? Quelles pratiques de?veloppent-ils pour le traiter? A? partir d'une recherche documentaire et d'une enque?te ethnographique de longue dure?e, cet ouvrage apporte une contribution a? l'anthropologie de la sante? mentale en France. Il explore concre?tement ce que la psychiatrisation signifie, dans le champ des adolescents difficiles, aux confins de la dangerosite? et de la vulne?rabilite?, des pratiques de sollicitude et de contrainte. 606 $aChild welfare 615 0$aChild welfare. 676 $a362.7 700 $aGansel$b Yannis$01297960 702 $aRechtman$b Richard 801 0$bNjHacI 801 1$bNjHacl 906 $aBOOK 912 $a9910725996203321 996 $aVulne?rables ou dangereux$93392954 997 $aUNINA LEADER 01259nas 2200421- 450 001 9910213556203321 005 20230123213018.0 035 $a(OCoLC)1005785459 035 $a(CKB)3780000000110438 035 $a(CONSER)--2018247626 035 $a(EXLCZ)993780000000110438 100 $a20170914a20119999 s-- - 101 0 $apor 135 $aur|n||||||||| 181 $ctxt$2rdacontent 182 $cc$2rdamedia 183 $acr$2rdacarrier 200 00$aRevista ciências em saúde 210 1$aItajubá, Minas Gerais, Brazil :$cCentro de Ciências em Saúde de Itajubá,$d2011- 215 $a1 online resource 300 $aRefereed/Peer-reviewed 311 08$a2236-3785 517 1 $aRCS 517 1 $aHealth sciences journal 606 $aMedical sciences$vPeriodicals 606 $aMedicine$vPeriodicals 606 $aMedicine$2fast$3(OCoLC)fst01014893 606 $aMedical sciences$2fast$3(OCoLC)fst01014601 608 $aPeriodicals.$2fast 615 0$aMedical sciences 615 0$aMedicine 615 7$aMedicine. 615 7$aMedical sciences. 712 02$aFaculdade de Medicina de Itajubá, 906 $aJOURNAL 912 $a9910213556203321 996 $aRevista ciências em saúde$92578111 997 $aUNINA